Συμβολή στη μελέτη ενεργών ρηγμάτων στη περιοχή της Βόρειας Λέσβου, Βόρειο Αιγαίο, Ελλάδα = Contribution to the study of active faults in the North of Lesvos island-North Aegean-Greece
Αποθηκεύτηκε σε:
| Κύριος συγγραφέας: | |
|---|---|
| Συγγραφή απο Οργανισμό/Αρχή: | |
| Μορφή: | Thesis Βιβλίο |
| Γλώσσα: | Greek |
| Δημοσίευση: |
2017.
|
| Ετικέτες: |
Προσθήκη ετικέτας
Δεν υπάρχουν, Καταχωρήστε ετικέτα πρώτοι!
|
MARC
| LEADER | 00000cam a2200000 a 4500 | ||
|---|---|---|---|
| 001 | 1/120299 | ||
| 008 | 191107s2017####gr |||||||||||||| ||gre|| | ||
| 040 | |a GR-MyUa |b gre |c GR-MyUa |e AACR2 | ||
| 041 | 0 | |a gre | |
| 082 | 7 | |a 0000 |2 (23) | |
| 100 | 1 | |a Καλαϊτζής, Μιχάλης. | |
| 245 | 1 | 0 | |a Συμβολή στη μελέτη ενεργών ρηγμάτων στη περιοχή της Βόρειας Λέσβου, Βόρειο Αιγαίο, Ελλάδα = |b Contribution to the study of active faults in the North of Lesvos island-North Aegean-Greece / |c Καλαϊτζής Μιχάλης ; επιβλέπων καθηγητής: Ζούρος Νικόλαος. |
| 260 | |c 2017. | ||
| 300 | |a 110 σ. : |b πιν. ; |c 29 εκ. | ||
| 500 | |a Μέλη επιτροπής: Σουλακέλλης Νικόλαος, Βαλιάκος Ηλίας. | ||
| 502 | |a Πτυχιακή εργασία - Πανεπιστήμιο Αιγαίου, Μυτιλήνη, 2016-2017. | ||
| 504 | |a Βιβλιογραφία: σ. 100-102. | ||
| 506 | 0 | |a Ηλεκτρονική διάθεση στο πλήρες κείμενο - περιορισμένης πρόσβασης ; |d Ελεύθερη διάθεση μόνο στα μέλη του Πανεπιστημίου Αιγαίου. | |
| 700 | 1 | |a Ζούρος, Νίκος, |e dgs | |
| 710 | 2 | |a Πανεπιστήμιο Αιγαίου |b Σχολή Περιβάλλοντος |b Τμήμα Γεωγραφίας. | |
| 852 | |a INST |b LESVOS |c DIATR |e 20191107 |h 1039 |p 005100062998 |q 005100062998 |t DIE |y 23 | ||
| 920 | |a Καλαϊτζής |b Μιχάλης |y Λέσβος |z 2017-04 | ||
| 970 | |a Καμάτσου |b Δέσποινα |z 07-11-2019 | ||